=LDR 00000nam 2200000 4500 =001 INLIS000000000037549 =005 20130612143258 =008 ***********************************Ind** =035 ##$$0010-061300000037549 =041 ##$$a Ind =082 ##$$a 641.5 =090 ##$$a 641.5, Erw a =100 ##$$a Erwin, Lilly T =245 ##$$a Aroma rasa kuliner nusantara, Nasi campur populer untuk jualan, Lilly T Erwin; Editor, Intarian Hardiman =260 ##$$a 2010 $b Jakarta =300 ##$$a 56 hlm, Ilus, 21 cm =650 ##$$a Masakan - Resep =700 ##$$a Hardiman, Intariana =850 ##$$a NBPNMAT =990 ##$$a 0001/BPAP-NTB/2016